Personality differences of successful candidates pursuing different courses of study in colleges (Record no. 17948)

MARC details
000 -LEADER
fixed length control field 00404nam a2200133Ia 4500
082 ## - DEWEY DECIMAL CLASSIFICATION NUMBER
Classification number TL.0034
100 ## - MAIN ENTRY--AUTHOR NAME
Personal name Latkar, Kamalini Narayan
245 #0 - TITLE STATEMENT
Title Personality differences of successful candidates pursuing different courses of study in colleges
260 ## - PUBLICATION, DISTRIBUTION, ETC. (IMPRINT)
Year of publication 1982
Name of publisher Nagpur University
300 ## - PHYSICAL DESCRIPTION
Number of Pages 522p. + C D - 44
650 ## - SUBJECT ADDED ENTRY--TOPICAL TERM
Topical Term COLLEGE STUDENTS - PSYCHOLOGY
710 ## - ADDED ENTRY--CORPORATE NAME
Corporate name or jurisdiction name as entry element Patil, V.S.
942 ## - ADDED ENTRY ELEMENTS (KOHA)
Koha item type Thesis
Source of classification or shelving scheme Dewey Decimal Classification
Holdings
Withdrawn status Lost status Damaged status Not for loan Home library Current library Date acquired Bill Date Full call number Accession Number Price effective from Koha item type
        NASSDOC Library NASSDOC Library 08/10/2004 2004-10-22 TL.0034 17496 18/04/2019 Thesis